[Event "British Universities-ch"]
[Site "Leicester"]
[Date "2024.02.25"]
[Round "?"]
[White "Howell, Oliver W"]
[Black "Hedger, Alec"]
[Result "1/2-1/2"]
[WhiteElo "1736"]
[BlackElo "1548"]
[PlyCount "84"]
[EventDate "2024.02.24"]
[EventType "team-swiss (rapid)"]
[EventRounds "9"]
[EventCountry "ENG"]
[SourceTitle "CB11_2024"]
[SourceDate "2024.03.13"]
[SourceVersion "1"]
[SourceVersionDate "2024.03.13"]
[SourceQuality "1"]
[WhiteTeam "Loughborough"]
[BlackTeam "UCL"]
[WhiteTeamCountry "ENG"]
[BlackTeamCountry "ENG"]

1. Nf3 e6 2. d4 d5 3. Bg5 Be7 4. Bxe7 Qxe7 5. c3 Nf6 6. Nbd2 0-0 7. e3 Nbd7 8. Bd3 e5 9. dxe5 Nxe5 10. Nxe5 Qxe5 11. Nf3 Qd6 12. 0-0 Bg4 13. h3 Bh5 14. g4 Bg6 15. Bxg6 hxg6 16. Qd4 Rfe8 17. Ng5 Ne4 18. Nxe4 Rxe4 19. Qd1 Kh7 20. Qf3 Qe7 21. Rfd1 c6 22. Rd4 Rxd4 23. cxd4 Rh8 24. a3 Kg8 25. Kg2 g5 26. b4 g6 27. b5 Kg7 28. a4 Qe6 29. Rc1 Rc8 30. Rc5 b6 31. Rc2 cxb5 32. Rxc8 Qxc8 33. axb5 Qc4 34. Qg3 Qxb5 35. Qe5+ Kf8 36. Qxg5 a5 37. Qd8+ Kg7 38. Qd6 a4 39. g5 Qa5 40. Qf6+ Kf8 41. Qd8+ Kg7 42. Qf6+ Kf8 1/2-1/2

[Event "British Universities-ch"]
[Site "Leicester"]
[Date "2024.02.25"]
[Round "?"]
[White "Howell, Oliver W"]
[Black "Jain, Gautam"]
[Result "0-1"]
[WhiteElo "1736"]
[BlackElo "1837"]
[PlyCount "80"]
[EventDate "2024.02.24"]
[EventType "team-swiss (rapid)"]
[EventRounds "9"]
[EventCountry "ENG"]
[SourceTitle "CB11_2024"]
[SourceDate "2024.03.13"]
[SourceVersion "1"]
[SourceVersionDate "2024.03.13"]
[SourceQuality "1"]
[WhiteTeam "Loughborough"]
[BlackTeam "Imperial"]
[WhiteTeamCountry "ENG"]
[BlackTeamCountry "ENG"]

1. Nf3 d6 2. c4 f5 3. d4 Nf6 4. Nc3 e6 5. Bf4 Be7 6. e3 Nh5 7. Bg3 Nd7 8. Bd3 0-0 9. h3 Nxg3 10. fxg3 e5 11. e4 f4 12. gxf4 Bh4+ 13. Kd2 Rxf4 14. d5 Nc5 15. Qe2 c6 16. Raf1 Bg3 17. Qe3 Bd7 18. Ne2 Qa5+ 19. Kc1 cxd5 20. Nxg3 Qxa2 21. Bc2 Qa1+ 22. Kd2 Qxb2 23. Qc3 Qxc3+ 24. Kxc3 dxe4 25. Nd2 e3 26. Nde4 b5 27. Nxc5 dxc5 28. Rxf4 exf4 29. Ne2 b4+ 30. Kb3 g5 31. Rd1 Bc6 32. Ng1 Bxg2 33. Rd7 f3 34. Bxh7+ Kh8 35. Be4 f2 36. Bxg2 fxg1Q 37. Bxa8 e2 38. Bd5 Qd1+ 39. Ka2 Qc2+ 40. Ka1 e1Q# 0-1

[Event "British Universities-ch"]
[Site "Leicester"]
[Date "2024.02.24"]
[Round "?"]
[White "Howell, Oliver W"]
[Black "Guha, Chirag"]
[Result "0-1"]
[WhiteElo "1736"]
[BlackElo "1736"]
[PlyCount "84"]
[EventDate "2024.02.24"]
[EventType "team-swiss (rapid)"]
[EventRounds "9"]
[EventCountry "ENG"]
[SourceTitle "CB11_2024"]
[SourceDate "2024.03.13"]
[SourceVersion "1"]
[SourceVersionDate "2024.03.13"]
[SourceQuality "1"]
[WhiteTeam "Loughborough"]
[BlackTeam "Bath"]
[WhiteTeamCountry "ENG"]
[BlackTeamCountry "ENG"]

1. Nf3 d5 2. d4 Nf6 3. Bg5 e6 4. e3 c5 5. c3 Nbd7 6. Bd3 Be7 7. Nbd2 b6 8. 0-0 Bb7 9. Ne5 0-0 10. f4 Ne4 11. Bxe7 Qxe7 12. Nxe4 dxe4 13. Bb5 Nf6 14. g4 Rac8 15. Qe2 Nd5 16. c4 Nb4 17. a3 Nc6 18. Nxc6 Bxc6 19. Bxc6 Rxc6 20. f5 exf5 21. d5 Rf6 22. gxf5 Rd8 23. Rf4 Qe5 24. Raf1 b5 25. b3 a5 26. Qd2 a4 27. bxa4 bxc4 28. Qa5 Qxd5 29. Rxe4 Rfd6 30. Re7 R6d7 31. Rxd7 Qxd7 32. Qxc5 Rc8 33. Qd4 Qxa4 34. f6 g6 35. Qf4 Qxa3 36. Rf3 c3 37. Rh3 c2 38. Qh6 c1Q+ 39. Kg2 Qd2+ 40. Kf3 Qdxe3+ 41. Qxe3 Qxe3+ 42. Kxe3 Rc3+ 0-1

[Event "Hastings Masters op"]
[Site "Hastings"]
[Date "2024.01.02"]
[Round "6"]
[White "Kovalskyi, Roman"]
[Black "Howell, Oliver W"]
[Result "1-0"]
[WhiteElo "2009"]
[BlackElo "1782"]
[PlyCount "71"]
[EventDate "2023.12.28"]
[EventType "swiss"]
[EventRounds "9"]
[EventCountry "ENG"]
[SourceTitle "CB02_2024"]
[SourceDate "2024.01.10"]
[SourceVersion "1"]
[SourceVersionDate "2024.01.10"]
[SourceQuality "1"]

1. e4 e6 2. d4 d5 3. e5 c5 4. c3 Nc6 5. Nf3 Bd7 6. Be2 Nge7 7. Na3 cxd4 8. cxd4 Qb6 9. 0-0 Rc8 10. Kh1 Nf5 11. Nc2 Nb4 12. Nxb4 Qxb4 13. Bd3 Bb5 14. Bd2 Qa4 15. Rc1 Kd7 16. Rxc8 Kxc8 17. Bxf5 exf5 18. Qxa4 Bxa4 19. Ng5 Be8 20. Rc1+ Kb8 21. Bf4 Bc6 22. e6+ Kc8 23. Nxf7 g5 24. Bxg5 Rg8 25. e7 Bxe7 26. Bxe7 Rg7 27. Nd6+ Kd7 28. Nxf5 Rf7 29. g4 Rxf5 30. gxf5 Kxe7 31. Re1+ Kf6 32. Re5 Bd7 33. Kg1 Bxf5 34. Rxd5 Be6 35. Rd6 Ke7 36. Rxe6+ 1-0

[Event "Hastings Masters op"]
[Site "Hastings"]
[Date "2023.12.31"]
[Round "4"]
[White "Pert, Max P"]
[Black "Howell, Oliver W"]
[Result "1-0"]
[WhiteElo "1950"]
[BlackElo "1782"]
[PlyCount "91"]
[EventDate "2023.12.28"]
[EventType "swiss"]
[EventRounds "9"]
[EventCountry "ENG"]
[SourceTitle "CB02_2024"]
[SourceDate "2024.01.10"]
[SourceVersion "1"]
[SourceVersionDate "2024.01.10"]
[SourceQuality "1"]

1. d4 d5 2. Bf4 Nf6 3. Nc3 c6 4. e3 Bf5 5. f3 e6 6. g4 Bg6 7. h4 h5 8. g5 Ng8 9. Bd3 Bxd3 10. Qxd3 Bd6 11. g6 f6 12. Nh3 Ne7 13. 0-0-0 Na6 14. a3 Qc7 15. Bxd6 Qxd6 16. e4 0-0-0 17. f4 dxe4 18. Nxe4 Qd5 19. c4 Qd7 20. Ng1 Nf5 21. Ne2 Rh6 22. Rhg1 Nxh4 23. c5 Nf5 24. N2g3 Qxd4 25. Nxf5 Qxd3 26. Rxd3 exf5 27. Rxd8+ Kxd8 28. Nd6 Ke7 29. Nxf5+ Kf8 30. Nxh6 gxh6 31. b4 Nc7 32. Rd1 Ne6 33. f5 Ng7 34. Rd8+ Ke7 35. Rb8 h4 36. Rxb7+ Kf8 37. Rf7+ Kg8 38. Rxf6 h3 39. Rd6 Nxf5 40. Rd3 Kg7 41. Rxh3 Kxg6 42. b5 cxb5 43. c6 h5 44. c7 Ne7 45. Re3 Nc8 46. Re8 1-0

[Event "GBR-ch Major op 109th"]
[Site "Leicester"]
[Date "2023.07.23"]
[Round "2"]
[White "Howell, Oliver W"]
[Black "Gonzales, Ceferino"]
[Result "1-0"]
[WhiteElo "1799"]
[BlackElo "1493"]
[PlyCount "97"]
[EventDate "2023.07.22"]
[EventType "swiss"]
[EventRounds "9"]
[EventCountry "ENG"]
[SourceTitle "EXT 2024"]
[Source "ChessBase"]
[SourceDate "2023.10.10"]
[SourceVersion "1"]
[SourceVersionDate "2023.10.10"]
[SourceQuality "1"]

1. d4 Nf6 2. Nf3 c6 3. Bg5 Ne4 4. Bf4 d6 5. e3 Qa5+ 6. c3 g5 7. b4 Qf5 8. Bg3 Nd7 9. Bd3 Ndf6 10. Nbd2 h5 11. Nxe4 Nxe4 12. Nxg5 Qxg5 13. Bxe4 Bg4 14. Qa4 Bd7 15. Bf4 Qg7 16. Qa5 d5 17. Bf3 Qg6 18. Kd2 Bf5 19. Qc7 Bg7 20. Qxb7 0-0 21. Qxe7 Bf6 22. Qb7 a5 23. bxa5 Rxa5 24. a4 Bc2 25. Be2 Bxa4 26. Bd3 Qg4 27. h3 Qe6 28. Bc7 Rb5 29. Bxb5 Bxb5 30. Ra5 Qf5 31. Rxb5 Qxf2+ 32. Kc1 Qxe3+ 33. Kb2 Qe2+ 34. Ka3 cxb5 35. Qxd5 Be7+ 36. Kb3 b4 37. Qe5 Qxe5 38. Bxe5 f6 39. Bf4 bxc3 40. Kxc3 Kf7 41. d5 Rc8+ 42. Kd4 Bc5+ 43. Kd3 Rd8 44. Kc4 Rc8 45. Kb5 Bd4 46. Rc1 Rxc1 47. Bxc1 Ke7 48. Kc6 Kd8 49. Bd2 1-0

[Event "Hastings Masters op"]
[Site "Hastings"]
[Date "2022.12.29"]
[Round "2"]
[White "Sugden, John N"]
[Black "Howell, Oliver W"]
[Result "1/2-1/2"]
[WhiteElo "1997"]
[BlackElo "1804"]
[PlyCount "48"]
[EventDate "2022.12.28"]
[EventType "swiss"]
[EventRounds "10"]
[EventCountry "ENG"]
[SourceTitle "CBM 212 Extra"]
[Source "ChessBase"]
[SourceDate "2023.03.31"]
[SourceVersion "1"]
[SourceVersionDate "2023.03.31"]
[SourceQuality "1"]

1. e4 e6 2. d4 d5 3. e5 c5 4. c3 Nc6 5. Nf3 Bd7 6. Be2 Nge7 7. Na3 cxd4 8. cxd4 Qb6 9. 0-0 Nf5 10. Nc2 Na5 11. b3 Bb5 12. Ne3 Nxe3 13. Bxe3 Ba3 14. Bc1 Bb4 15. Bb2 Rc8 16. Ne1 Bxe2 17. Qxe2 0-0 18. Nd3 Rc7 19. Rfc1 Rfc8 20. Rxc7 Rxc7 21. Rc1 Rxc1+ 22. Nxc1 Nc6 23. Qd3 Qa5 24. Kf1 Ba3 1/2-1/2

[Event "London Classic op U2050-A 11th"]
[Site "London"]
[Date "2019.11.30"]
[Round "3"]
[White "Howell, Oliver W"]
[Black "Agrawal, Shivam"]
[Result "1/2-1/2"]
[WhiteElo "1920"]
[BlackElo "1630"]
[PlyCount "146"]
[EventDate "2019.11.29"]
[EventType "swiss"]
[EventRounds "5"]
[EventCountry "ENG"]
[SourceTitle "CBM 195 Extra"]
[Source "ChessBase"]
[SourceDate "2020.05.31"]
[SourceVersion "1"]
[SourceVersionDate "2020.05.31"]
[SourceQuality "1"]

1. Nf3 d5 2. d4 Bf5 3. Bg5 h6 4. Bh4 c6 5. e3 Nd7 6. Bd3 Bxd3 7. Qxd3 Ngf6 8. Nbd2 e6 9. Ne5 Qc7 10. Nxd7 Nxd7 11. 0-0 Bd6 12. Bg3 0-0 13. Bxd6 Qxd6 14. c4 dxc4 15. Nxc4 Qe7 16. Rab1 c5 17. d5 exd5 18. Qxd5 Nf6 19. Qd6 Qe4 20. Rfc1 b6 21. Qe5 Rad8 22. Qxe4 Nxe4 23. Rd1 Nf6 24. Nd6 Rd7 25. Nb5 Rfd8 26. Rxd7 Rxd7 27. Kf1 Ne4 28. Ke1 Rd2 29. a4 Rxf2 30. Nd6 Rxg2 31. Kf1 Nd2+ 32. Kxg2 Nxb1 33. Nc4 a6 34. Nxb6 Nd2 35. Nd7 Nc4 36. b3 Nxe3+ 37. Kf3 Nd5 38. Nxc5 Nc7 39. b4 Kf8 40. Ke4 Ke7 41. Ke5 f6+ 42. Kf5 Kd6 43. Kg6 Kd5 44. Kxg7 f5 45. Nd3 Kc4 46. Nf4 Nd5 47. Ng2 Kxb4 48. Kxh6 f4 49. Ne1 Kc3 50. Kg5 Kd2 51. Nf3+ Ke3 52. Ng1 Nc3 53. h4 Ne4+ 54. Kg4 a5 55. h5 Nf6+ 56. Kg5 Nxh5 57. Kxh5 f3 58. Nxf3 Kxf3 59. Kg5 Ke4 60. Kg4 Ke5 61. Kf3 Kd4 62. Ke2 Kc3 63. Kd1 Kb2 64. Kd2 Kb3 65. Kc1 Ka2 66. Kc2 Ka3 67. Kc3 Kxa4 68. Kc4 Ka3 69. Kc3 a4 70. Kc2 Ka2 71. Kc1 Kb3 72. Kb1 a3 73. Ka1 a2 1/2-1/2

[Event "BCF-chT4S 1920 (4NCL)"]
[Site "England"]
[Date "2019.11.09"]
[Round "1.34"]
[White "Howell, Oliver W"]
[Black "Krawczuk, Michael J"]
[Result "1-0"]
[WhiteElo "1982"]
[BlackElo "1856"]
[PlyCount "79"]
[EventDate "2019.11.09"]
[EventType "team-swiss"]
[EventRounds "11"]
[EventCountry "ENG"]
[SourceTitle "EXT 2022"]
[Source "ChessBase"]
[SourceDate "2021.10.06"]
[SourceVersion "1"]
[SourceVersionDate "2021.10.06"]
[SourceQuality "1"]
[WhiteTeam "Sussex Martlets II"]
[BlackTeam "Wessex III"]
[WhiteTeamCountry "ENG"]
[BlackTeamCountry "ENG"]

1. Nf3 c5 2. c4 Nc6 3. g3 Nf6 4. Nc3 d6 5. d4 cxd4 6. Nxd4 Bd7 7. Bg2 e6 8. 0-0 Be7 9. Ndb5 Qb8 10. Bf4 Ne5 11. Qb3 Bc6 12. Bxc6+ bxc6 13. Nd4 Qc7 14. Qa4 Rc8 15. c5 0-0 16. Rfd1 Nfd7 17. cxd6 Bxd6 18. Ne4 Be7 19. Rac1 c5 20. b3 Qb7 21. Nb5 Nb6 22. Ned6 Qb8 23. Qxa7 Nc6 24. Qxb8 Rxb8 25. Rxc5 Nb4 26. a4 N4d5 27. Rc6 Nxf4 28. gxf4 Nd5 29. e3 Rfd8 30. Ne4 Bb4 31. Rc4 Be7 32. Nec3 Nb4 33. Rxd8+ Rxd8 34. Rd4 Rc8 35. Rd7 Bf6 36. Ne4 Rc1+ 37. Kg2 Rb1 38. Rb7 h5 39. Nxf6+ gxf6 40. Nc3 1-0

[Event "GBR-ch Major 106th"]
[Site "Torquay"]
[Date "2019.08.04"]
[Round "9"]
[White "Robertson, Jim"]
[Black "Howell, Oliver W"]
[Result "0-1"]
[WhiteElo "1580"]
[BlackElo "1797"]
[PlyCount "92"]
[EventDate "2019.07.27"]
[EventType "swiss"]
[EventRounds "9"]
[EventCountry "ENG"]
[SourceTitle "EXT 2020"]
[Source "ChessBase"]
[SourceDate "2019.10.17"]
[SourceVersion "1"]
[SourceVersionDate "2019.10.17"]
[SourceQuality "1"]

1. d4 Nf6 2. e3 g6 3. f4 Bg7 4. Nf3 0-0 5. c3 d6 6. Bc4 Nc6 7. Qe2 e5 8. dxe5 dxe5 9. e4 exf4 10. Bxf4 Nxe4 11. 0-0 Nd6 12. Bxd6 Qxd6 13. Nbd2 Bg4 14. Ne4 Qe7 15. Qc2 Rae8 16. Bd5 Bf5 17. Nfg5 h6 18. g4 Qxg5 19. Nxg5 Bxc2 20. Nxf7 Be4 21. Nxh6+ Kh7 22. Rxf8 Bxf8 23. Bxe4 Rxe4 24. Nf7 Rxg4+ 25. Kh1 Kg7 26. h3 Rf4 27. Ng5 Rf6 28. Re1 Bd6 29. Ne4 Re6 30. Kg2 Ne7 31. Kf3 Nd5 32. Rd1 Nf6 33. Ng5 Re5 34. h4 Rf5+ 35. Ke2 Re5+ 36. Kf3 Nh7 37. Ne4 Rf5+ 38. Ke2 Be5 39. Nc5 Nf6 40. Nxb7 Bg3 41. Rh1 Rf2+ 42. Kd3 Rxb2 43. Nd8 Rb6 44. Ke3 c5 45. Kf3 Bc7 46. Rd1 Kf8 0-1

[Event "GBR-ch Major 106th"]
[Site "Torquay"]
[Date "2019.07.28"]
[Round "2"]
[White "Howell, Oliver W"]
[Black "Ruane, Brendan J"]
[Result "1/2-1/2"]
[WhiteElo "1797"]
[BlackElo "1904"]
[PlyCount "82"]
[EventDate "2019.07.27"]
[EventType "swiss"]
[EventRounds "9"]
[EventCountry "ENG"]
[SourceTitle "EXT 2020"]
[Source "ChessBase"]
[SourceDate "2019.10.17"]
[SourceVersion "1"]
[SourceVersionDate "2019.10.17"]
[SourceQuality "1"]

1. Nf3 b6 2. c4 Bb7 3. Nc3 e6 4. g3 f5 5. Bg2 Nf6 6. 0-0 Be7 7. d4 0-0 8. b3 a5 9. Bb2 Na6 10. a3 Qe8 11. Qc2 Qh5 12. Ne5 Bxg2 13. Kxg2 Ng4 14. Nxg4 fxg4 15. Qe4 Rac8 16. Nd1 Bf6 17. Rb1 c5 18. Ne3 Qh3+ 19. Kg1 h5 20. Ng2 g5 21. Qg6+ Kh8 22. d5 e5 23. Bc1 Nc7 24. Qh6+ Kg8 25. Bxg5 Ne8 26. Nh4 Rf7 27. Ng6 Bg7 28. Ne7+ Rxe7 29. Qxb6 Rf7 30. Qb7 Nd6 31. Qa6 Bf6 32. f4 gxf3 33. Rxf3 Rcf8 34. Qxd6 Bxg5 35. Qg6+ Rg7 36. Rxf8+ Kxf8 37. Qd6+ Kg8 38. Qxe5 h4 39. Qe8+ Kh7 40. Qh5+ Bh6 41. Rf1 Rxg3+ 1/2-1/2

[Event "BCF-chT2b 1819 (4NCL)"]
[Site "England"]
[Date "2019.02.09"]
[Round "5.76"]
[White "Howell, Oliver W"]
[Black "Blake, J Morgan"]
[Result "0-1"]
[WhiteElo "1997"]
[BlackElo "2162"]
[PlyCount "90"]
[EventDate "2018.11.10"]
[EventType "team-tourn"]
[EventRounds "11"]
[EventCountry "ENG"]
[SourceTitle "EXT 2021"]
[Source "ChessBase"]
[SourceDate "2020.10.23"]
[SourceVersion "1"]
[SourceVersionDate "2020.10.23"]
[SourceQuality "1"]
[WhiteTeam "West is Best II"]
[BlackTeam "Sussex Martlets"]
[WhiteTeamCountry "ENG"]
[BlackTeamCountry "ENG"]

1. c4 e6 2. Nf3 Nf6 3. g3 b6 4. Bg2 Bb7 5. 0-0 Be7 6. Nc3 0-0 7. d4 d5 8. b3 c5 9. e3 Qc8 10. cxd5 Nxd5 11. Nxd5 Bxd5 12. Bb2 Bf6 13. Qe2 Qa6 14. Rfe1 cxd4 15. Nxd4 Bxg2 16. Kxg2 Qb7+ 17. Kg1 Nd7 18. Rac1 Rac8 19. Nb5 Rxc1 20. Rxc1 Bxb2 21. Qxb2 Qd5 22. Qe2 Ne5 23. e4 Qa8 24. Rc7 a6 25. Na3 b5 26. Nb1 Rd8 27. Rc2 h6 28. Rd2 b4 29. Rxd8+ Qxd8 30. Kg2 Qd4 31. f4 Nd3 32. a3 a5 33. axb4 axb4 34. Kh3 Nf2+ 35. Kg2 Nxe4 36. Kf3 f5 37. g4 Qg1 38. gxf5 exf5 39. Nd2 Qg4+ 40. Ke3 Nxd2 41. Qxd2 Qh3+ 42. Kd4 Qxb3 43. Qe2 Qc3+ 44. Kd5 b3 45. Qe8+ Kh7 0-1

[Event "London CSC Weekend U2050 op 10th"]
[Site "London"]
[Date "2018.12.16"]
[Round "4"]
[White "Howell, Oliver W"]
[Black "Rogers, Timothy"]
[Result "0-1"]
[WhiteElo "1788"]
[BlackElo "2003"]
[PlyCount "100"]
[EventDate "2018.12.14"]
[EventType "swiss"]
[EventRounds "5"]
[EventCountry "ENG"]
[SourceTitle "EXT 2020"]
[Source "ChessBase"]
[SourceDate "2019.10.17"]
[SourceVersion "1"]
[SourceVersionDate "2019.10.17"]
[SourceQuality "1"]

1. d4 d5 2. Nf3 Nf6 3. Bg5 e6 4. e3 Be7 5. Nbd2 h6 6. Bh4 Nbd7 7. Bd3 b6 8. 0-0 0-0 9. Ne5 Nxe5 10. dxe5 Nd7 11. Bxe7 Qxe7 12. f4 Bb7 13. Nf3 Nc5 14. c3 Nxd3 15. Qxd3 c5 16. Rad1 Rad8 17. Rd2 g5 18. g3 g4 19. Nh4 d4 20. exd4 cxd4 21. cxd4 Qd7 22. Qe2 h5 23. f5 Qd5 24. Ng2 Qxa2 25. f6 Qd5 26. Rf4 Qxg2+ 27. Qxg2 Bxg2 28. Kxg2 Rd5 29. h3 Rfd8 30. Re4 gxh3+ 31. Kxh3 Kh7 32. g4 Rg8 33. Rh2 Rxg4 34. Rxg4 hxg4+ 35. Kxg4+ Kg6 36. Rd2 a5 37. Kf4 a4 38. Ke4 b5 39. Rc2 b4 40. Kd3 a3 41. bxa3 bxa3 42. Kc3 Ra5 43. Kb3 Kf5 44. Ka2 Ke4 45. Rd2 Ra4 46. Rc2 Kxd4 47. Rc7 Kxe5 48. Rxf7 Ra8 49. Kb1 a2+ 50. Ka1 Kf5 0-1

[Event "London CSC Weekend U2050 op 10th"]
[Site "London"]
[Date "2018.12.15"]
[Round "3"]
[White "Mellor, Jessica"]
[Black "Howell, Oliver W"]
[Result "0-1"]
[WhiteElo "1559"]
[BlackElo "1788"]
[PlyCount "86"]
[EventDate "2018.12.14"]
[EventType "swiss"]
[EventRounds "5"]
[EventCountry "ENG"]
[SourceTitle "EXT 2020"]
[Source "ChessBase"]
[SourceDate "2019.10.17"]
[SourceVersion "1"]
[SourceVersionDate "2019.10.17"]
[SourceQuality "1"]

1. e4 e6 2. d4 d5 3. e5 c5 4. c3 Nc6 5. Nf3 Bd7 6. Be2 Qb6 7. a3 Rc8 8. 0-0 Nge7 9. b4 cxd4 10. cxd4 Nf5 11. Be3 Be7 12. g4 Nxe3 13. fxe3 0-0 14. Nbd2 f6 15. exf6 Bxf6 16. Qb3 Bxd4 17. exd4 Nxd4 18. Nxd4 Qxd4+ 19. Kh1 Qxd2 20. Qd3 Qxd3 21. Bxd3 Rxf1+ 22. Rxf1 Rc3 23. Be2 Rxa3 24. Rc1 Rb3 25. Rc7 Bc6 26. b5 Bxb5 27. Rxb7 Bc4 28. Rxb3 Bxb3 29. Kg2 a5 30. Bd3 a4 31. Kf3 a3 32. Bb1 a2 33. Bxa2 Bxa2 34. Kf4 d4 35. Ke4 e5 36. h4 Kf7 37. Kd3 Ke6 38. Ke4 Bb1+ 39. Kf3 e4+ 40. Ke2 Ke5 41. g5 e3 42. h5 Ke4 43. g6 h6 0-1

[Event "London CSC 5-Day U2050 op 10th"]
[Site "London"]
[Date "2018.12.11"]
[Round "3"]
[White "Howell, Oliver W"]
[Black "Fowler, Caspian"]
[Result "1-0"]
[WhiteElo "1788"]
[BlackElo "1567"]
[PlyCount "75"]
[EventDate "2018.12.09"]
[EventType "swiss"]
[EventRounds "5"]
[EventCountry "ENG"]
[SourceTitle "EXT 2020"]
[Source "ChessBase"]
[SourceDate "2019.10.17"]
[SourceVersion "1"]
[SourceVersionDate "2019.10.17"]
[SourceQuality "1"]

1. Nf3 Nf6 2. g3 g6 3. Bg2 Bg7 4. 0-0 0-0 5. c4 c5 6. Nc3 d5 7. cxd5 Nxd5 8. Nxd5 Qxd5 9. d3 Nc6 10. a3 Qd8 11. Rb1 Bf5 12. Qc2 Qd6 13. Bd2 Rac8 14. Rfc1 b6 15. Qa4 Rc7 16. b4 Nd4 17. Nxd4 Bxd4 18. Bf4 Be5 19. bxc5 bxc5 20. Bxe5 Qxe5 21. Bf3 Rfc8 22. Rc4 Be6 23. Rc2 c4 24. dxc4 Bxc4 25. Rbc1 Be6 26. Rxc7 Rxc7 27. Rd1 Kg7 28. Kg2 h6 29. h4 h5 30. Rd8 Kh7 31. Qe8 f5 32. Bxh5 Qf6 33. Bxg6+ Kh6 34. h5 Rc3 35. Qa4 Rc4 36. Qxa7 Rg4 37. f3 Rg5 38. Qb8 1-0

[Event "London CSC 5-Day U2050 op 10th"]
[Site "London"]
[Date "2018.12.10"]
[Round "2"]
[White "Barton, R Alan"]
[Black "Howell, Oliver W"]
[Result "1-0"]
[WhiteElo "2037"]
[BlackElo "1788"]
[PlyCount "41"]
[EventDate "2018.12.09"]
[EventType "swiss"]
[EventRounds "5"]
[EventCountry "ENG"]
[SourceTitle "EXT 2020"]
[Source "ChessBase"]
[SourceDate "2019.10.17"]
[SourceVersion "1"]
[SourceVersionDate "2019.10.17"]
[SourceQuality "1"]

1. Nf3 e6 2. d4 f5 3. e3 Nf6 4. Bd3 b6 5. 0-0 Bb7 6. b3 Be7 7. Bb2 0-0 8. c4 d6 9. Nbd2 Qe8 10. Qe2 Qg6 11. d5 exd5 12. Nh4 Qg4 13. Nxf5 Qxe2 14. Nxe7+ Kf7 15. Bxe2 Kxe7 16. cxd5 Bxd5 17. Rfe1 Kd7 18. e4 Nxe4 19. Bg4+ Kc6 20. Nxe4 Na6 21. Nc3 1-0

[Event "BCF-chT4S 1819 (4NCL)"]
[Site "England"]
[Date "2018.11.17"]
[Round "1.21"]
[White "Cannon, Richard James"]
[Black "Howell, Oliver W"]
[Result "1/2-1/2"]
[WhiteElo "2028"]
[BlackElo "2005"]
[PlyCount "94"]
[EventDate "2018.11.17"]
[EventType "team-swiss"]
[EventRounds "11"]
[EventCountry "ENG"]
[SourceTitle "EXT 2021"]
[Source "ChessBase"]
[SourceDate "2020.10.23"]
[SourceVersion "1"]
[SourceVersionDate "2020.10.23"]
[SourceQuality "1"]
[WhiteTeam "Rook & Roll"]
[BlackTeam "West is Best III"]
[WhiteTeamCountry "ENG"]
[BlackTeamCountry "ENG"]

1. e4 e6 2. Nc3 d5 3. d4 Bb4 4. exd5 exd5 5. Bd3 Ne7 6. Qh5 Be6 7. Nf3 Nbc6 8. a3 Bxc3+ 9. bxc3 Qd7 10. Ng5 0-0-0 11. Nxe6 Qxe6+ 12. Be3 g6 13. Qf3 Nf5 14. 0-0 Nxe3 15. Qxe3 Qxe3 16. fxe3 f5 17. c4 Rhe8 18. cxd5 Rxd5 19. Rfe1 Rd7 20. Bb5 a6 21. Bd3 Rde7 22. Kf2 Nb8 23. h3 Nd7 24. g4 fxg4 25. hxg4 Nf6 26. g5 Ne4+ 27. Bxe4 Rxe4 28. Kf3 c5 29. c3 Kc7 30. Ra2 Kd6 31. Rh2 R8e7 32. Rxh7 Rxe3+ 33. Rxe3 Rxh7 34. Ke2 cxd4 35. cxd4 Re7 36. Rxe7 Kxe7 37. Kd3 Kd6 38. Kc4 b6 39. d5 Ke5 40. a4 Kd6 41. Kd4 b5 42. a5 b4 43. Kc4 b3 44. Kxb3 Kxd5 45. Kb4 Kd4 46. Kb3 Kc5 47. Kc3 Kd5 1/2-1/2

[Event "GBR-ch Major 105th"]
[Site "Hull"]
[Date "2018.08.03"]
[Round "7"]
[White "Camp, Imogen AL"]
[Black "Howell, Oliver W"]
[Result "1-0"]
[WhiteElo "1874"]
[BlackElo "1905"]
[PlyCount "55"]
[EventDate "2018.07.28"]
[EventType "swiss"]
[EventRounds "9"]
[EventCountry "ENG"]
[SourceTitle "CBM 185 Extra"]
[Source "ChessBase"]
[SourceDate "2018.07.29"]
[SourceVersion "1"]
[SourceVersionDate "2018.07.29"]
[SourceQuality "1"]

1. d4 e6 2. Nf3 f5 3. h3 Nf6 4. g4 d5 5. gxf5 exf5 6. Rg1 c5 7. dxc5 Ne4 8. Be3 Nc6 9. c3 Be6 10. Nbd2 Bxc5 11. Bxc5 Nxc5 12. Rxg7 Qf6 13. Rg1 0-0-0 14. Qc2 Kb8 15. e3 f4 16. Bd3 Rc8 17. a3 fxe3 18. fxe3 Nxd3+ 19. Qxd3 Ne5 20. Nxe5 Qxe5 21. 0-0-0 Bf5 22. Qd4 Qe6 23. Nf3 Rhe8 24. Qf4+ Ka8 25. Nd4 Qa6 26. Qxf5 Rc5 27. Qxh7 Rec8 28. Qc2 1-0

[Event "GBR-ch Major 105th"]
[Site "Hull"]
[Date "2018.08.02"]
[Round "6"]
[White "Howell, Oliver W"]
[Black "Yoon, Jacob D"]
[Result "0-1"]
[WhiteElo "1905"]
[BlackElo "2039"]
[PlyCount "64"]
[EventDate "2018.07.28"]
[EventType "swiss"]
[EventRounds "9"]
[EventCountry "ENG"]
[SourceTitle "CBM 185 Extra"]
[Source "ChessBase"]
[SourceDate "2018.07.29"]
[SourceVersion "1"]
[SourceVersionDate "2018.07.29"]
[SourceQuality "1"]

1. d4 e6 2. e4 d5 3. Nd2 Nc6 4. c3 e5 5. exd5 Qxd5 6. dxe5 Nxe5 7. Ngf3 Nd3+ 8. Bxd3 Qxd3 9. Ne5 Qb5 10. Ndc4 Be6 11. Qe2 Qa6 12. b3 0-0-0 13. 0-0 Nf6 14. Bg5 h6 15. Bh4 g5 16. Bg3 Nd5 17. Qf3 f5 18. Ng6 Rg8 19. Nxf8 Rgxf8 20. Be5 g4 21. Qe2 f4 22. f3 Ne3 23. Rfe1 gxf3 24. gxf3 Bxc4 25. bxc4 Rg8+ 26. Kh1 Rg2 27. Qxg2 Nxg2 28. Kxg2 Rd2+ 29. Kh1 Qg6 30. Rg1 Qh5 31. Bxf4 Qxf3+ 32. Rg2 Qxg2# 0-1